| 000 | 01067nam a22003257a 4500 | ||
|---|---|---|---|
| 003 | CHAP | ||
| 005 | 20220329140737.0 | ||
| 008 | 971013s1985 r 00010 d | ||
| 010 | _a56908 | ||
| 011 | _a57880 | ||
| 035 | _a62035 | ||
| 040 | _cCHAP | ||
| 082 |
_a638 _bS5 |
||
| 100 | 0 | 0 |
_aSingh, Pritam _eed. _9106629 |
| 245 | _aHandbook of insect rearing | ||
| 260 |
_aAmsterdam : _bElsevier, _c1985 |
||
| 300 |
_a2 v. _b: ilus. ; gráfs. |
||
| 590 |
_aBATCH-UPD _b10 _c20130109 _lUCH01 _h2341 |
||
| 590 |
_aBATCH-UPD _b10 _c20130110 _lUCH01 _h0349 |
||
| 590 |
_aBATCH-UPD _b10 _c20130409 _lUCH01 _h1910 |
||
| 590 |
_aBATCH-UPD _b10 _c20130410 _lUCH01 _h0022 |
||
| 590 |
_aBATCH-UPD _b10 _c20130914 _lUCH01 _h1311 |
||
| 590 |
_aCONVERSION _b10 _c20130109 _lUCH01 _h1331 |
||
| 650 | 1 | 4 |
_aEntomología económica. _937145 |
| 650 | 1 | 4 |
_aInsectos _xCría de. _958909 |
| 901 | _aBK | ||
| 942 | _cLIBRO | ||
| 949 |
_a638 S5 _bBC _cLIBRO _d33724000094298 _eLIBRO _fv.1 _gI. 136163 _h70677 _i62035 _si |
||
| 949 |
_a638 S5 _bBC _cLIBRO _d33724000094306 _eLIBRO _fv.2 _gI. 136168 _h70678 _i62035 _si |
||
| 999 |
_c56908 _d56908 |
||